Statistics for Fast Typing AZERTY

Click here to take the quiz!

General Stats

  • This quiz has been taken 581 times
  • The average score is 18 of 26

Answer Stats

HintAnswer% Correct
aa
99%
zz
94%
ee
92%
rr
90%
tt
89%
yy
87%
uu
83%
ii
82%
oo
81%
pp
79%
qq
76%
dd
75%
ss
75%
ff
70%
gg
68%
hh
67%
jj
66%
kk
64%
ll
62%
mm
57%
ww
52%
xx
49%
cc
46%
vv
44%
bb
43%
nn
42%

Score Distribution

Percentile by Number Answered

Percent of People with Each Score

Your Score History

You have not taken this quiz